[Event "Aberto Brasil - II Niterói Chess Open "]
[Site "Salão de Convenções do Hot"]
[Date "2022.09.05"]
[Round "7.83"]
[White "Silva, Juliana Figueira Th"]
[Black "Lisboa, Erico Fagundes Anic"]
[Result "1/2-1/2"]
[WhiteElo "1328"]
[BlackElo "1592"]
[PlyCount "71"]
[EventDate "2022.09.01"]
[EventRounds "9"]
[EventCountry "BRA"]

1. Nf3 Nf6 2. g3 d5 3. Bg2 c5 4. d3 Nc6 5. Nbd2 e5 6. e4 d4 7. O-O b5 8. Ne1
Bd6 9. f4 Bg4 10. Ndf3 Qb6 11. f5 c4 12. h3 Bxf3 13. Nxf3 Qb7 14. g4 Nd7 15.
Bd2 cxd3 16. cxd3 Nc5 17. Qe2 a5 18. Rac1 b4 19. Bg5 f6 20. Bh4 h6 21. Nd2 b3
22. axb3 Kd7 23. Rc4 Nxb3 24. Nxb3 Qxb3 25. Rfc1 Rhc8 26. Be1 Bb4 27. Bf2 Rab8
28. R1c2 Ne7 29. Bf3 Rxc4 30. Rxc4 Bd6 31. Rc2 Nc6 32. Be1 Bb4 33. Bf2 Nd8 34.
Qd1 a4 35. Qc1 Bc3 36. Bxd4 1/2-1/2

[Event "Aberto Brasil - II Niterói Chess Open "]
[Site "Salão de Convenções do Hot"]
[Date "2022.09.05"]
[Round "7.84"]
[White "Silva, Joao Paulo Gomes"]
[Black "Pavao, Alice Lara Biasi"]
[Result "1/2-1/2"]
[WhiteElo "1587"]
[BlackElo "1366"]
[PlyCount "51"]
[EventDate "2022.09.01"]
[EventRounds "9"]
[EventCountry "BRA"]

1. Nf3 Nf6 2. c4 g6 3. g3 Bg7 4. Nc3 O-O 5. Bg2 c5 6. O-O Nc6 7. a3 d5 8. cxd5
Nxd5 9. Nxd5 Qxd5 10. d3 Qd7 11. Rb1 b6 12. Bf4 Bb7 13. b4 cxb4 14. axb4 e5 15.
Bc1 Nd4 16. Nxd4 Bxg2 17. Kxg2 Qxd4 18. Bb2 Qd6 19. Qa4 Rfd8 20. Rfd1 Qd7 21.
Qa1 Re8 22. Kg1 f5 23. Qa2+ Qe6 24. Qa1 Qe7 25. Qa2+ Qe6 26. Qa1 1/2-1/2

[Event "Aberto Brasil - II Niterói Chess Open "]
[Site "Salão de Convenções do Hot"]
[Date "2022.09.05"]
[Round "7.86"]
[White "Fonseca, Marcelo Lobo"]
[Black "De Souza, Jose Alberto Martim"]
[Result "1/2-1/2"]
[WhiteElo "1800"]
[BlackElo "1548"]
[PlyCount "51"]
[EventDate "2022.09.01"]
[EventRounds "9"]
[EventCountry "BRA"]

1. d4 d5 2. c4 e6 3. Nc3 Nf6 4. Bg5 Be7 5. e3 O-O 6. cxd5 Nxd5 7. Bxe7 Qxe7 8.
Bd3 b6 9. Nf3 Bb7 10. Nxd5 Bxd5 11. O-O Nd7 12. e4 Bb7 13. e5 c5 14. Nd2 cxd4
15. f4 Nc5 16. Nf3 Rfd8 17. Bxh7+ Kxh7 18. Ng5+ Kg6 19. Qg4 f5 20. exf6 gxf6
21. f5+ exf5 22. Qxf5+ Kh6 23. Rae1 Qg7 24. Qh3+ Kg6 25. Qf5+ Kh6 26. Qh3+
1/2-1/2

[Event "Aberto Brasil - II Niterói Chess Open "]
[Site "Salão de Convenções do Hot"]
[Date "2022.09.05"]
[Round "7.87"]
[White "Manoel, Gustavo Da Silva Me"]
[Black "Stumpf, Luis Felipe T. Cale"]
[Result "1-0"]
[WhiteElo "1798"]
[BlackElo "1536"]
[PlyCount "59"]
[EventDate "2022.09.01"]
[EventRounds "9"]
[EventCountry "BRA"]

1. c4 c5 2. Nc3 g6 3. g3 Bg7 4. Bg2 Nc6 5. b3 Nf6 6. e3 O-O 7. Nge2 Rb8 8. O-O
a6 9. d4 cxd4 10. Nxd4 e5 11. Nxc6 bxc6 12. Ba3 Re8 13. Bd6 Ra8 14. b4 Bf8 15.
a4 e4 16. Bxf8 Kxf8 17. Qd6+ Kg8 18. Rab1 Re6 19. Qd4 d5 20. Rfd1 Bb7 21. Bh3
Re8 22. c5 Nd7 23. Bxd7 Qxd7 24. Nxe4 Rxe4 25. Qxe4 dxe4 26. Rxd7 Rb8 27. Rc7
Ba8 28. Ra7 Kg7 29. Rxa6 Bb7 30. Rb6 1-0

[Event "Aberto Brasil - II Niterói Chess Open "]
[Site "Salão de Convenções do Hot"]
[Date "2022.09.05"]
[Round "7.88"]
[White "Araujo, Barbara Ribeiro"]
[Black "Stival Da Silva, Javier Rodrigo"]
[Result "0-1"]
[WhiteElo "1523"]
[BlackElo "1807"]
[PlyCount "74"]
[EventDate "2022.09.01"]
[EventRounds "9"]
[EventCountry "BRA"]

1. c4 c6 2. g3 Nf6 3. d4 d5 4. Bg2 Bf5 5. Nf3 e6 6. O-O Nbd7 7. Nbd2 Be7 8. Re1
h6 9. Nh4 Bh7 10. b3 O-O 11. Bb2 Rc8 12. Nhf3 Ne4 13. Nxe4 dxe4 14. Nd2 f5 15.
e3 Nf6 16. Qe2 Bb4 17. Rad1 Qe7 18. a3 Bxa3 19. Bxa3 Qxa3 20. Ra1 Qe7 21. Rxa7
g5 22. c5 Nd5 23. Nc4 Rc7 24. Rea1 Nc3 25. Qb2 Nb5 26. Ra8 Qf6 27. Ne5 h5 28.
Bf1 f4 29. Rxf8+ Qxf8 30. Bc4 Bf5 31. Bxb5 cxb5 32. Qe2 f3 33. Qxb5 Qd8 (33...
Qc8 34. Nc4 Bg6 35. c6 Rxc6 36. Qxg5 e5 37. Nxe5 Rc1+) 34. Nc4 Bg6 35. c6 Rxc6
36. Qxg5 e5 37. Nxe5 Rc1+ 0-1

[Event "Aberto Brasil - II Niterói Chess Open "]
[Site "Salão de Convenções do Hot"]
[Date "2022.09.05"]
[Round "7.89"]
[White "Vaz, Vania Dora Madona"]
[Black "Carlos, Roberta Souto"]
[Result "0-1"]
[WhiteElo "1240"]
[BlackElo "1686"]
[PlyCount "80"]
[EventDate "2022.09.01"]
[EventRounds "9"]
[EventCountry "BRA"]

1. e4 c5 2. c3 d5 3. exd5 Qxd5 4. d4 Nf6 5. Nf3 Bg4 6. Be2 e6 7. O-O Nc6 8. h3
Bh5 9. Be3 cxd4 10. cxd4 Be7 11. Nc3 Qd6 12. a3 O-O 13. Re1 Rfd8 14. Nb5 Qb8
15. Qc2 a6 16. Nc3 Bxf3 17. Bxf3 Nxd4 18. Bxd4 Rxd4 19. Rad1 Rxd1 20. Rxd1 Qc7
21. Qb3 Rb8 22. Ne2 b5 23. Nd4 Rd8 24. Nc6 Rxd1+ 25. Qxd1 Bf8 26. b4 Qd6 27.
Qxd6 Bxd6 28. g3 Kf8 29. Nd4 Nd5 30. Nb3 Ke7 31. g4 Kd7 32. Be4 h6 33. f3 Kc7
34. Kf2 Nb6 35. Nc5 Bxc5+ 36. bxc5 Na4 37. c6 Nc3 38. Ke3 Nxe4 39. fxe4 e5 40.
Kd3 Kd6 0-1

[Event "Aberto Brasil - II Niterói Chess Open "]
[Site "Salão de Convenções do Hot"]
[Date "2022.09.05"]
[Round "7.90"]
[White "Nobre, Jose Adalberto Barb"]
[Black "De Carvalho, Amauri"]
[Result "1/2-1/2"]
[WhiteElo "1585"]
[BlackElo "1204"]
[PlyCount "48"]
[EventDate "2022.09.01"]
[EventRounds "9"]
[EventCountry "BRA"]

1. e4 d6 2. g3 Nf6 3. Bg2 c6 4. d3 e5 5. h3 Be7 6. Be3 Be6 7. Nc3 Qa5 8. Bd2
Qc7 9. f4 exf4 10. gxf4 Nfd7 11. f5 Bh4+ 12. Kf1 O-O 13. Nf3 Bg3 14. Ne2 d5 15.
Nxg3 Qxg3 16. Qc1 Qc7 17. Bf4 Qb6 18. Bd6 Na6 19. e5 Bxf5 20. Bxf8 Rxf8 21. d4
Nb4 22. c3 Qa6+ 23. Kg1 Nc2 24. Bf1 Qb6 1/2-1/2

[Event "Aberto Brasil - II Niterói Chess Open "]
[Site "Salão de Convenções do Hot"]
[Date "2022.09.05"]
[Round "7.93"]
[White "Do Amaral Vailant, Helena Kether"]
[Black "Pavao, Tiago Lara Biasi"]
[Result "1-0"]
[WhiteElo "1513"]
[BlackElo "1761"]
[PlyCount "41"]
[EventDate "2022.09.01"]
[EventRounds "9"]
[EventCountry "BRA"]

1. e4 e5 2. Nf3 Nc6 3. d4 exd4 4. Nxd4 Nxd4 5. Qxd4 b6 6. Bc4 Bb4+ 7. c3 Bc5 8.
Qd5 Qe7 9. Qxa8 Kd8 10. O-O c6 11. Ba6 Kc7 12. Qxc8+ Kd6 13. Qb8+ Ke6 14. Bc4+
d5 15. exd5+ cxd5 16. Re1+ Kf6 17. Qf4+ Kg6 18. Bd3+ Kh5 19. Rxe7 Bxe7 20. g4+
Kh4 21. Qg3# 1-0

[Event "Aberto Brasil - II Niterói Chess Open "]
[Site "Salão de Convenções do Hot"]
[Date "2022.09.05"]
[Round "7.94"]
[White "De Napole, Jo"]
[Black "Vargas, Victor Da Silva"]
[Result "0-1"]
[WhiteElo "1429"]
[BlackElo "1776"]
[PlyCount "64"]
[EventDate "2022.09.01"]
[EventRounds "9"]
[EventCountry "BRA"]

1. e4 c6 2. d4 d5 3. exd5 cxd5 4. c4 Nf6 5. Nc3 Bf5 6. Nf3 e6 7. Qb3 Nbd7 8.
Qxb7 Be7 9. cxd5 Nxd5 10. Nxd5 exd5 11. Qxd5 Be6 12. Qe4 O-O 13. Bd3 Nf6 14.
Qh4 h6 15. O-O Ng4 16. Qg3 g5 17. h3 Bd6 18. Ne5 Nxe5 19. dxe5 Bxe5 20. Qe3 Qd6
21. Rd1 Bd4 22. Be4 Rad8 23. Qe2 Qe5 24. Qd3 Bxf2+ 25. Kxf2 Rxd3 26. Bxd3 Qd4+
27. Be3 Qxb2+ 28. Kg1 Rd8 29. Rab1 Qxa2 30. Ra1 Rxd3 31. Rxa2 Rxd1+ 32. Kh2
Bxa2 0-1

[Event "Aberto Brasil - II Niterói Chess Open "]
[Site "Salão de Convenções do Hot"]
[Date "2022.09.05"]
[Round "7.95"]
[White "Garcia, Erich Douglas Ribei"]
[Black "Souza, Dion Avalone"]
[Result "1-0"]
[WhiteElo "1427"]
[BlackElo "1750"]
[PlyCount "67"]
[EventDate "2022.09.01"]
[EventRounds "9"]
[EventCountry "BRA"]

1. d4 e6 2. c4 c5 3. d5 Nf6 4. Nc3 g6 5. e4 Bg7 6. Bd3 O-O 7. Nf3 d6 8. h3 Na6
9. a3 Bd7 10. O-O Qc7 11. Bd2 Rae8 12. Rb1 Re7 13. b4 exd5 14. exd5 Bf5 15.
Bxf5 gxf5 16. b5 Nb8 17. Qc2 Nbd7 18. Qxf5 Nb6 19. Qd3 Rfe8 20. Nh4 Nfd7 21.
Nf5 Ne5 22. Nxe7+ Qxe7 23. Qg3 Nbxc4 24. Bh6 Ng6 25. Bxg7 Kxg7 26. Rfe1 Qxe1+
27. Rxe1 Rxe1+ 28. Kh2 Nxa3 29. Qxd6 Rc1 30. Qxc5 Nb1 31. Qd4+ Kf8 32. Nxb1
Rxb1 33. Qc5+ Ke8 34. d6 1-0

[Event "Aberto Brasil - II Niterói Chess Open "]
[Site "Salão de Convenções do Hot"]
[Date "2022.09.05"]
[Round "7.96"]
[White "De Abreu, Luiza Reis Rodrigue"]
[Black "Gomes, Genildo De Souza"]
[Result "0-1"]
[WhiteElo "1742"]
[BlackElo "1686"]
[PlyCount "108"]
[EventDate "2022.09.01"]
[EventRounds "9"]
[EventCountry "BRA"]

1. Nf3 e6 2. c4 Nf6 3. g3 d5 4. cxd5 Nxd5 5. Bg2 Nd7 6. d4 c5 7. O-O Be7 8. e4
N5f6 9. e5 Nd5 10. Nc3 N7b6 11. Qc2 Nb4 12. Qd1 N4d5 13. Nxd5 Nxd5 14. Rb1 Bd7
15. a3 O-O 16. Re1 Rc8 17. Qd3 c4 18. Qc2 Qa5 19. Bd2 Qc7 20. Bc3 b5 21. Rec1
a5 22. Qe2 b4 23. Be1 Rfd8 24. Bf1 Nb6 25. Nd2 Bb5 26. Qe3 Qd7 27. Nf3 Nd5 28.
Qe4 Rc7 29. Bd2 Rdc8 30. axb4 axb4 31. h4 c3 32. bxc3 Bxf1 33. Kxf1 bxc3 34.
Bxc3 Nxc3 35. Rxc3 Rxc3 36. Rb7 Qd8 37. Ng5 Bxg5 38. hxg5 Rc1+ 39. Kg2 Qd5 40.
Qxd5 exd5 41. Rd7 Rd1 42. Rxd5 Kf8 43. e6 fxe6 44. Rd7 Re8 45. Kf3 Re7 46. Rd8+
Kf7 47. Ke2 Ra1 48. f4 Raa7 49. Kf3 Rad7 50. Rh8 Kg6 51. Ke4 Rd5 52. Rb8 Red7
53. Rb4 Kh5 54. Rc4 Kg4 0-1